| 000 | 01208nam a2200313 4500 | ||
|---|---|---|---|
| 001 | 0000022703 | ||
| 003 | CO-CtgCURN | ||
| 005 | 20250429224109.0 | ||
| 007 | ta | ||
| 008 | 160627s2008 000 0 eng d | ||
| 020 | _a9789582009397 | ||
| 040 |
_aCO-CtgCURN _bspa _ccoctgcurn |
||
| 082 | 0 |
_a372.7 _bD187 |
|
| 100 | 1 | _aDAmore, Bruno. | |
| 245 | 1 | 0 |
_aCompetencias y matemática / _cBruno DAmore, Juan Díaz Godino, Martha I. Fandiño Pinilla. |
| 260 |
_aBogotá : _bCooperativa Editorial del Magisterio, _c2008. |
||
| 300 | _a103 p. | ||
| 336 | _2rdacontent | ||
| 337 |
_2rdamedia _asin mediacion _bn |
||
| 338 |
_2rdacarrier _avolumen _bnc |
||
| 490 | 1 | _aDidactica de las matemáticas | |
| 504 | _aBibliografia (p. 91-95) | ||
| 505 | 8 | _aContenido, conocimiento, capacidades, nucleos fundacionales, competencias.--competencias objetivo de quien construye.--Ser competente un dasafio con raices antropologicas.--Perspectiva ontosemiotica de la competencia y comprension matemática | |
| 650 | 1 | 4 |
_aMatemáticas _vEnseñanza. |
| 700 | 1 | _aDíaz Godino, Juan. | |
| 908 | _a160627 | ||
| 942 |
_cBK _h372.7 _iD187 _2ddc |
||
| 999 |
_c38886 _d38886 |
||